| 000 | 01454nam a2200289Ia 4500 | ||
|---|---|---|---|
| 999 |
_c56047 _d56047 |
||
| 001 | 23147 | ||
| 003 | GE_BSU | ||
| 005 | 20230718173004.0 | ||
| 008 | 181216s1989||||ge |||||||||||||| ||geo|| | ||
| 040 | _cGE_BSU | ||
| 041 | _ageo | ||
| 080 | _a821.112.2-31 რ-41 | ||
| 100 |
_aრემარკი, ერიხ მარია _919415 |
||
| 245 |
_aტრიუმფალური თაღი : _bრომანი / _cერიხ მარია რემარკი ; თარგმ. და შესავალი წერილი აკაკი გელოვანისა ; მხატვ. ნ. ნარიმანიძე ; რედ. ი. ლეჟავა. |
||
| 264 |
_aთბილისი : _bმერანი, _c1989. |
||
| 300 |
_a559 გვ. ; _c21 სმ. |
||
| 490 | _aსაზღვარგარეთული რომანი | ||
| 500 | _aგაშლილი თავფურცელი ინგლისურ ენაზე | ||
| 520 | _aგაშლ. თავფ. ინგლ. ენ. | ||
| 541 | _h10 ლ. | ||
| 653 | _aრომანი | ||
| 653 | _aტრიუმფალური თაღი | ||
| 700 |
_aგელოვანი, აკაკი _eმთარგმნელი _919416 |
||
| 700 |
_aნარიმანიძე, ნ. _eმხატვარი _919417 |
||
| 700 |
_a ლეჟავა, ი. _eრედაქტორი _919418 |
||
| 942 |
_cBK _2udc |
||